Women and reproductive technologies : the socio-economic development of technologies changing the world (Record no. 566149)

MARC details
000 -LEADER
fixed length control field 01926nam a2200205Ia 4500
008 - FIXED-LENGTH DATA ELEMENTS--GENERAL INFORMATION
fixed length control field 241212s9999 xx 000 0 und d
020 ## - INTERNATIONAL STANDARD BOOK NUMBER
ISBN 9781138606463
Paper back/Hardbound pbk
041 ## - LANGUAGE CODE
Language code of text/sound track or separate title eng
082 ## - DEWEY DECIMAL CLASSIFICATION NUMBER
Classification number 362.1981
Item number BUR
100 ## - MAIN ENTRY--AUTHOR NAME
Personal name Burfoot, Annette
245 #0 - TITLE STATEMENT
Title Women and reproductive technologies : the socio-economic development of technologies changing the world
Statement of responsibility, etc / Annette Burfoot with Derya Güngör.
250 ## - EDITION STATEMENT
Edition statement 1st ed.
260 ## - PUBLICATION, DISTRIBUTION, ETC. (IMPRINT)
Name of publisher : Routledge, Taylor & Francis Group
Year of publication , 2022.
Place of publication New York
300 ## - PHYSICAL DESCRIPTION
Number of Pages 153 p.
Dimensions ; 24 cm.
504 ## - BIBLIOGRAPHY, ETC. NOTE
Bibliography, etc Includes bibliographies and index
520 ## - SUMMARY, ETC.
Summary, etc A sociological and historical study of the development of reproductive technologies, this book focuses on key technological developments through a biomedicalization lens with special attention to gender. Using in vitro fertilization (IVF) as a hub, it critically examines the main areas of related socio-technical developments: reproductive science, birth control, animal husbandry, genetics and reproductive medicine. Employing a critical framework to illuminate dominant discourses, the book also highlights examples of social resistance, as well as contradictory responses to new reproductive technologies. Over eight chapters, the author examines the social history of reproduction and sexuality, reproductive technologies from old to new and debates surrounding new reproductive technologies and genetic engineering. Women and Reproductive Technologies pays close attention to the interconnections between the business of reproduction (and replication industries), the sociality of reproduction (including reproductive justice) and what are considered the technologies themselves. As such, it constitutes essential reading for students and researchers in the fields of sociology, health studies and gender studies interested in the current state of human reproduction.
650 ## - SUBJECT ADDED ENTRY--TOPICAL TERM
Topical Term Women--Social conditions.
942 ## - ADDED ENTRY ELEMENTS (KOHA)
Koha item type Reference
Holdings
Withdrawn status Lost status Damaged status Not for loan Home library Current library Shelving location Date acquired Full call number Accession Number Price effective from Koha item type
        Anna Centenary Library Anna Centenary Library 4TH FLOOR, A WING 01.10.2024 362.1981 BUR 698633 12.12.2024 Reference

Find us on the map